[Event "Pan American-ch School U15 12th"]
[Site "Callao"]
[Date "2023.10.20"]
[Round "8"]
[White "Ortiz Menacho, Sebastian Alonso"]
[Black "Castaneda Huamani, Frank Eder"]
[Result "1-0"]
[WhiteElo "1530"]
[BlackElo "1351"]
[PlyCount "55"]
[EventDate "2023.10.16"]
[EventType "swiss"]
[EventRounds "9"]
[EventCountry "PER"]
[SourceTitle "Mega2024 Update 01"]
[Source "Chessbase"]
[SourceDate "2023.11.12"]
[SourceVersion "1"]
[SourceVersionDate "2023.11.12"]
[SourceQuality "1"]

1. e4 c5 2. Nf3 d6 3. d4 cxd4 4. Nxd4 Nf6 5. Nc3 g6 6. f3 Bg7 7. Be3 0-0 8. Qd2 Nc6 9. 0-0-0 Nxd4 10. Bxd4 Be6 11. Kb1 a6 12. g4 b5 13. h4 h5 14. gxh5 Nxh5 15. Bxg7 Kxg7 16. f4 b4 17. Ne2 Qa5 18. b3 Rac8 19. f5 Bd7 20. Rg1 Rc5 21. Nc1 Rfc8 22. Bd3 Bb5 23. Qg5 Bxd3 24. cxd3 Qa3 25. Rg2 a5 26. Rb2 a4 27. d4 Ra5 28. f6+ 1-0

[Event "Pan American-ch School U15 12th"]
[Site "Callao"]
[Date "2023.10.17"]
[Round "4"]
[White "Espinoza Torpoco, Sebastian Enrique"]
[Black "Castaneda Huamani, Frank Eder"]
[Result "1-0"]
[WhiteElo "1047"]
[BlackElo "1351"]
[PlyCount "123"]
[EventDate "2023.10.16"]
[EventType "swiss"]
[EventRounds "9"]
[EventCountry "PER"]
[SourceTitle "Mega2024 Update 01"]
[Source "Chessbase"]
[SourceDate "2023.11.12"]
[SourceVersion "1"]
[SourceVersionDate "2023.11.12"]
[SourceQuality "1"]

1. d4 Nf6 2. c4 g6 3. Nc3 Bg7 4. e4 d6 5. Nf3 0-0 6. Be2 e5 7. dxe5 dxe5 8. Qxd8 Rxd8 9. Bg5 h6 10. Bxf6 Bxf6 11. Nd5 Bg7 12. Nxc7 Na6 13. Nxa8 Be6 14. Nb6 axb6 15. 0-0 Nc5 16. Rfd1 Rc8 17. Rd6 Nxe4 18. Rxb6 Nc5 19. Rd1 Kf8 20. b3 Rc7 21. Rb5 Ke7 22. Bd3 e4 23. Rxc5 Rxc5 24. Bxe4 b5 25. cxb5 Rxb5 26. Nd4 Bxd4 27. Rxd4 Rh5 28. Bb1 Rc5 29. Rd1 g5 30. h3 f6 31. f3 Ra5 32. Kf2 Re5 33. Rd2 f5 34. Bc2 Rb5 35. Bb1 f4 36. Ke1 h5 37. Rd4 Rf5 38. Kd2 h4 39. Kc3 Rc5+ 40. Kb2 Re5 41. Be4 Ra5 42. a4 Kf6 43. Ka3 Ke5 44. Rd2 Rc5 45. Kb4 Rc8 46. Bd3 Rd8 47. Re2+ Kf6 48. Bc4 Rb8+ 49. Kc3 Bd7 50. a5 Rc8 51. b4 Bb5 52. Re4 Rc7 53. Kb3 Bd7 54. b5 Bf5 55. Rd4 Rc5 56. Rd5 Rc8 57. Kb4 Re8 58. b6 Re1 59. b7 Rb1+ 60. Bb3 Bc2 61. Rd3 Bxd3 62. b8Q 1-0